U.S. Cities Without Vowels #3 - Statistics

General Stats
  • This quiz has been taken 46 times
  • The average score is 16 of 18
Answer Stats
Without Vowels With Vowels % Correct
Chcg Chicago
100%
Jcksnvll Jacksonville
100%
Nshvll Nashville
100%
Sn Frncsc San Francisco
100%
Pttsbrgh Pittsburgh
97%
Wshngtn Washington
97%
Rchmnd Richmond
95%
Sttl Seattle
95%
Tmp Tampa
95%
Cncnnt Cincinnati
92%
Hrtfrd Hartford
92%
St Ls St Louis
89%
Ndnpls Indianapolis
84%
Rlgh Raleigh
84%
Rchstr Rochester
84%
Sn Ntn San Antonio
76%
Tlnt Atlanta
59%
Tls Tulsa
59%
No matching quizzes found
Score Distribution
Percent of People with Each Score
Percentile by Number Answered
Your Score History
You have not taken this quiz